Normal view
MARC view
Entry Personal Name
001 - CONTROL NUMBER
- control field: 14280
003 - CONTROL NUMBER IDENTIFIER
- control field: OSt
005 - DATE AND TIME OF LATEST TRANSACTION
- control field: 20210520123254.0
008 - FIXED-LENGTH DATA ELEMENTS
- fixed length control field: 210520|| aca||aabn | a|a d
040 ## - CATALOGING SOURCE
- Original cataloging agency: OSt
- Transcribing agency: OSt
100 ## - HEADING--PERSONAL NAME
- Personal name: Froeb, Luke.M ; McCann,Brian ; Shor, Mikhael
670 ## - SOURCE DATA FOUND
- Source citation: Work cat.: (OSt): Froeb, Luke.M ; McCann,Brian ; Shor, Mikhael, Managerial Economics:, 2018
